Theoretical soil mechanics (Record no. 546393)

000 -LEADER
fixed length control field 00475nam a22001577a 4500
020 ## - INTERNATIONAL STANDARD BOOK NUMBER
International Standard Book Number 0471853054
082 ## - DEWEY DECIMAL CLASSIFICATION NUMBER
Classification number 624.15136
Author Mark TER
-- L-16, P-50
100 ## - MAIN ENTRY--PERSONAL NAME
Personal name Terzachi, Karl
9 (RLIN) 42522
245 ## - TITLE STATEMENT
Title Theoretical soil mechanics
Statement of responsibility, etc. Terzachi, Karl
260 ## - PUBLICATION, DISTRIBUTION, ETC.
Place of publication, distribution, etc. New York, Singapore
Name of publisher, distributor, etc. John Wiley & sons
Date of publication, distribution, etc. 1943
300 ## - PHYSICAL DESCRIPTION
Extent xvii, 510 p.
Other physical details ill.
Dimensions 25 cm.
526 ## - STUDY PROGRAM INFORMATION NOTE
Program name 0
Interest level 0
Reading level 0
Title point value 624_151360000000000_TER
526 ## - STUDY PROGRAM INFORMATION NOTE
Program name 0
Interest level 0
Reading level 0
Title point value 624_151360000000000_TER
650 ## - SUBJECT ADDED ENTRY--TOPICAL TERM
Topical term or geographic name entry element MCE
9 (RLIN) 379
942 ## - ADDED ENTRY ELEMENTS (KOHA)
Source of classification or shelving scheme
Koha item type Book
Holdings
Withdrawn status Lost status Source of classification or shelving scheme Damaged status Not for loan Permanent Location Current Location Date acquired Total Checkouts Total Renewals Full call number Barcode Date last seen Date last checked out Price effective from Koha item type
          Military College of Engineering (MCE) Military College of Engineering (MCE) 06/11/2014 1 2 624.15136 TER MCE-24670 07/04/2014 07/04/2014 06/11/2014 Book
          Military College of Engineering (MCE) Military College of Engineering (MCE) 09/01/2020     624.15136 TER MCE-24671A 09/01/2020   09/01/2020 Book
© 2023 Central Library, National University of Sciences and Technology. All Rights Reserved.